Deterrence and strategy / (Record no. 185104)

000 -LEADER
fixed length control field 00842 a2200169 4500
003 - CONTROL NUMBER IDENTIFIER
control field NUST
005 - DATE AND TIME OF LATEST TRANSACTION
control field 20230314135128.0
040 ## - CATALOGING SOURCE
Transcribing agency Nust
082 ## - DEWEY DECIMAL CLASSIFICATION NUMBER
Classification number 355.02,BEA
100 ## - MAIN ENTRY--PERSONAL NAME
Personal name Beaufre, André.
9 (RLIN) 37951
245 ## - TITLE STATEMENT
Title Deterrence and strategy /
Statement of responsibility, etc. General d' Armee Andre Beaufre ; Translated from the French by R. H. Barry.
260 ## - PUBLICATION, DISTRIBUTION, ETC.
Place of publication, distribution, etc. New York
Name of publisher, distributor, etc. F. A. Praeger
Date of publication, distribution, etc. c1965
300 ## - PHYSICAL DESCRIPTION
Extent 173 p. illus.
Other physical details (part col.)
Dimensions 23 cm.
505 ## - FORMATTED CONTENTS NOTE
Formatted contents note Part 1:- The Laws Of Deterrence (Page-1), Deterrence the key to contemporary strategy (Page-23), Analysis of Bilateral Deterrence (Page-34), Multilateral Deterrence (Page-78), Part 2:- The Consequences of Deterrence (Page-107), Military Consequences of Deterrence (Page-107), The Strategy Consequences of Deterrence (Page-137).
650 ## - SUBJECT ADDED ENTRY--TOPICAL TERM
Topical term or geographic name entry element Deterrence and strategy.
9 (RLIN) 105777
942 ## - ADDED ENTRY ELEMENTS (KOHA)
Source of classification or shelving scheme
Koha item type Book
Call number prefix 355.02,BEA
Holdings
Withdrawn status Lost status Source of classification or shelving scheme Damaged status Not for loan Permanent Location Current Location Shelving location Date acquired Total Checkouts Full call number Barcode Date last seen Date last checked out Price effective from Koha item type Public note
          Military College of Signals (MCS) Military College of Signals (MCS) General Stacks 12/12/2016 1 355.02,BEA MCS21003 03/22/2023 03/09/2023 12/12/2016 Book Almirah No.51, Shelf No.5
          Military College of Signals (MCS) Military College of Signals (MCS) General Stacks 12/12/2016   355.02,BEA MCS21004 12/08/2016   12/12/2016 Book Almirah No.73, Shelf No.7
          Military College of Signals (MCS) Military College of Signals (MCS) General Stacks 12/12/2016   355.02,BEA MCS21423 12/08/2016   12/12/2016 Book Almirah No.73, Shelf No.7
          Military College of Signals (MCS) Military College of Signals (MCS) General Stacks 12/12/2016   355.02,BEA MCS21440 12/08/2016   12/12/2016 Book Almirah No.73, Shelf No.7
© 2023 Central Library, National University of Sciences and Technology. All Rights Reserved.